| 000 | 00711nam a2200229Ia 4500 | ||
|---|---|---|---|
| 003 | GCL | ||
| 005 | 20240530101950.0 | ||
| 008 | 140319s9999 xx 000 0 ara d | ||
| 040 |
_aGCL / _cGCL |
||
| 082 | 0 | 4 |
_a930.1 _bق/ش ق |
| 100 | 1 | _aشول، بيل | |
| 245 | 1 | 0 |
_aالقوة النفسية للاهرام / _cشول، بيل |
| 260 |
_aالقاهرة : _bالهيئة المصرية العامة للكتاب ، _c1986 |
||
| 300 |
_a233 ص ؛ _c24 سم |
||
| 650 | 0 | 4 | _aالاثار الفرعونية |
| 650 | 0 | 4 | _aالاهرام |
| 650 | 0 | 4 | _aالاثار |
| 650 | 0 | 4 | _aعجائب الدنيا السبع |
| 700 | 1 | _aبيتيت، اد | |
| 700 | 1 | _aامين سلامة | |
| 942 |
_2ddc _cBK |
||
| 999 |
_c29053 _d29053 |
||